Las 100 canciones más destacadas del rock argentino - Estadísticas

Estadísticas generales
  • Esta prueba ha sido intentada 78 veces
  • La puntuación promedio es 25 de 100
Estadísticas de respuestas
# Artista Canción % Correcto
4 Soda Stereo De música ligera
89%
2 Almendra Muchacha (Ojosde papel)
84%
14 Los Abuelosde la Nada Mil horas
79%
5 Patricio Rey ysus Redonditos de Ricota Ji ji ji
78%
12 Sumo La rubia tarada
68%
23 Andrés Calamaro Flaca
62%
1 Los Gatos La balsa
62%
8 Serú Girán Seminare
62%
11 Sui Generis Canción parami muerte
60%
46 Fito Páez El amor despuésdel amor
57%
10 Los FabulososCadillacs Matador
57%
29 Fito Páez 11 y 6
54%
31 Soda Stereo Persiana americana
54%
62 Virus Una luna de mielen la mano
54%
16 Charly García Demoliendo hoteles
44%
74 Rata Blanca Mujer amante
44%
3 Sui Generis Rasguña las piedras
43%
19 Divididos ¿Qué ves?
41%
42 Los Rodríguez Sin documentos
41%
6 León Gieco Sólo le pido a Dios
40%
39 Divididos Spaghetti del rock
40%
66 Los Caballerosde la Quema Avanti morocha
38%
76 Los AuténticosDecadentes Loco (Tuforma de ser)
38%
24 Charly García Los dinosaurios
38%
48 Soda Stereo En la ciudadde la furia
37%
55 Andrés Calamaro Loco
37%
36 Fabiana Cantilo Mi enfermedad
35%
22 Sumo Los viejos vinagres
33%
33 Luis AlbertoSpinetta Seguir viviendosin tu amor
33%
87 Los Piojos Tan solo
33%
28 Miguel Mateo/Zas Tirá para arriba
33%
68 Soda Stereo Cuando pase el temblor
32%
25 La Renga El revelde
32%
61 Los RatonesParanoicos El rock del gato
32%
71 Vox Dei Génesis
32%
21 Virus Imágenes paganas
30%
32 Patricio Rey ysus Redonditos de Ricota La bestia pop
30%
99 Viejas Locas Me gustas mucho
30%
45 Attaque 77 Hacelo por mí
29%
69 Los EnanitosVerdes La muralla verde
29%
59 Gustavo Cerati Puente
29%
54 Patricio Rey ysus Redonditos de Ricota Un poco deamor francés
29%
52 Invisible El anillo delCapitán Beto
27%
63 Los Pericos Pupilas lejanas
25%
13 Moris El oso
24%
20 Manal Jugo de tomate
24%
35 Illya Kuryaki andthe Valderramas Abarajame
22%
51 Los FabulososCadillac Vasos vacíos
22%
56 Los Twist Pensé que setrataba de cieguitos
21%
26 Los Piojos Verano del '92
21%
72 Los Encargados Trátamesuavemente
19%
89 Dos Minutos Ya no sos igual
19%
7 Vox Dei Presente (El momentoen que estás)
17%
50 Los Abuelosde la Nada Himno de mi corazón
16%
78 G.I.T. La calle es su lugar
16%
27 Bersuit Vergarabat Se viene
16%
9 Fito Páez Y dale alegríaa mi corazón
16%
17 Fito Páez Yo vengo a ofrecermi corazón
16%
97 Todos TusMuertos Gente que no
14%
34 Los RatonesParanoicos Para siempre
14%
30 Los AuténticosDecadentes Los piratas
13%
64 Sumo Mañana en el Abasto
13%
38 Litto Nebbia Sólo se trata de vivir
13%
15 Sandro Tengo
13%
41 Los Violadores Uno, dos, ultraviolento
13%
47 La Joven Guardia El extraño de pelo largo
11%
100 Leo García Morrissey
11%
86 Los Brujos Kanishka
10%
60 Arco Iris Mañana campestre
10%
57 Pescado Rabioso Me gusta ese tajo
10%
53 Serú Girán No llores por mí,Argentina
10%
92 Riff Susy Cadillac
10%
85 Alejandro Lerner Todo a pulmón
10%
43 Charly García Yo no quierovolverme tan loco
10%
81 Charly García Chipi chipi
8%
93 Don Cornelioy la Zona Ella vendrá
8%
80 Memphis laBlusera La bifurcada
8%
75 Babasónicos Malón
8%
79 Spinetta Jade Maribel se durmió
6%
95 Suéter Amanece en la ruta
5%
84 Las Pelotas Hola qué tal
5%
37 Catupecu Machu Y lo que quiero es quepises sin el suelo
5%
49 Pappo's Blues El tren de las 16
3%
73 Celeste Carballo Es la vidaque me alcanza
3%
96 Metrópoli Héroes anónimos
3%
98 Viuda e Hijasde Roque Enroll Lollipop
3%
40 Juan CarlosBaglietto Mirta, de regreso
3%
58 Los FabulososCadillacs Vos sabés
3%
82 La Portuaria El bar de laCalle Rodney
2%
77 A.N.I.M.A.L. El nuevo caminodel hombre
2%
65 Miguel Cantiloy Punch Gente del futuro
2%
67 Porsuigieco La colina de la vida
2%
44 El Otro Yo La música
2%
18 Los Pericos Nada que perder
2%
83 SandraMihanovich Puerto Pollensa
2%
90 Man Ray Todo cambia
2%
88 PeligrososGorriones Escafandra
0%
94 Fun People Masticar
0%
91 Los Visitantes Playas oscuras
0%
70 Aquelarre Silencio marginal
0%
No se encontraron pruebas coincidentes
Distribución de puntuación
Porcentaje de gente con cada puntuación
Porcentaje por número respondido
Historial de tus puntuaciones
No has intentado esta prueba.